000 01000nam a2200265Ia 4500
003 OSt
005 20220923211533.0
006 a|||||r|||| 00| 0
007 ta
008 220922b |||||||| |||| 00| 0 san d
020 _a9789382281016 (hbk)
_c625
024 _a349,519
037 _b257, 29/01/2019, Eastern Book Linkers
_cTextual
040 _aARTS
_cARTS
_bsan
041 _2san
_asan
082 _aY:1.2, 152Q8
100 _aशर्मा, चन्द्रपाल, ले.
245 0 _aभारतीय संस्कृति और मूल अंक
246 _aBhāratīya sanskṛuti aur mūl aanka
260 _aनई दिल्ली
_b राज पब्लिकेशन्स
_c2018
300 _a253पृ0
_ccm.
650 _aभारतीय संस्कृति
_9157954
942 _hY:1.2, 152Q8
_cTEXL
_2CC
999 _c300566
_d300566